Škola remesiel pre domácich majstrov /
Salvato in:
| Autore principale: | |
|---|---|
| Natura: | Libro |
| Lingua: | slovacco |
| Pubblicazione: |
Bratislava :
Alfa,
1993
|
| Tags: |
Nessun Tag, puoi essere il primo ad aggiungerne!!
|
MARC
| LEADER | 00000nam a22000003a 4500 | ||
|---|---|---|---|
| 001 | stu27140 | ||
| 005 | 20150617225740.1 | ||
| 008 | 931117s1993----xo------------------slo-d | ||
| 020 | |a 80-05-00947-X | ||
| 040 | |a STU |b slo | ||
| 041 | 0 | |a slo | |
| 044 | |a xo | ||
| 080 | |a 329.826 | ||
| 080 | |a 689 | ||
| 100 | 1 | |a Hájek, Václav |4 aut | |
| 245 | 1 | |a Škola remesiel pre domácich majstrov / |c [aut]Hájek,Václav | |
| 260 | |a Bratislava : |b Alfa, |c 1993 | ||
| 300 | |a 319 s | ||
| 996 | |b 284V001427 |c V*41620/O-17680a |l VVT |s A |a 24 |w stu27140_0002 | ||